Salgueiro Maia (Registo nº 3814)

Detalhes MARC
000 -Etiqueta do registo
Cabeçalho 00899nam0a2200289 4500
005 - Identificador da versão
Campo de controlo 20240902115324.0
010 ## - Número internacional normalizado dos livros (ISBN)
Número (ISBN) 9729767920
021 ## - Número do Depósito Legal
Código do país PT
Número 136763/99
100 ## - Dados gerais de processamento
Dados gerais de processamento 20170317d1999 a y0pory5003 ba
101 0# - Língua de publicação
Língua do texto, banda sonora, etc. Português
102 ## - Pais de publicação ou produção
País de publicação Portugal
200 1# - Titulo e menção de responsabilidade
Título próprio Salgueiro Maia
Informação de outro título o rosto da liberdade
Primeira menção de responsabilidade texto e desenhos de António Martins
205 ## - Menção da edição
Menção da edição 1ª ed
210 ## - Publicação, Distribuição, etc. 
Lugar da edição, distribuição, etc. Santarém
Nome do editor, distribuidor, etc. Camara Municipal
Lugar da edição, distribuição, etc. [S. l.]
Nome do editor, distribuidor, etc. Jortejo
Data da publicação, distribuição, etc. 1999
215 ## - Descrição física 
Indicação específica da natureza do documento e extensão da espécie 28, [4] p.
Outras indicações físicas il. color
606 ## - Nome comum usado como assunto
Número de registo de entrada de autoridade 0001779
Palavra de ordem Literatura portuguesa
Subdivisão de assunto Banda desenhada
Código do sistema CA
Número de registo de entrada de autoridade 0001589
Palavra de ordem Biografias
Código do sistema CA
Número de registo de entrada de autoridade 0001793
Palavra de ordem Portugal
Subdivisão de assunto História
Subdivisão cronológica 1974
Código do sistema CA
675 ## - Classificação Decimal Universal (CDU)
Notação 821.134.3(084.11)
Edição 3ª ed.
Língua da edição por
Notação 929Maia, Salgueiro
Edição 3ª ed.
Língua da edição por
Notação 94(469)"1974"
Edição 3ª ed.
Língua da edição por
700 #1 - Nome de autor-pessoa física (responsabilidade principal)
Número de registo de entrada de autoridade 0000243
Palavra de ordem Martins
Outra parte do nome não tomada para palavra de ordem António
702 #1 - Nome de autor-pessoa física (responsabilidade secundária)
Número de registo de entrada de autoridade 0000243
Palavra de ordem Martins
Outra parte do nome não tomada para palavra de ordem António
Código de função Ilustrador / Técnico de desenho computorizado
942 ## - Elementos de entrada adicionados (Koha)
Tipo de item no Koha Livro
966 ## - Identificação da Biblioteca
Sigla EBVEN
Exemplares
Situação do levantamento Origin of item (home branch) (coded) Biblioteca de empréstimo Código de barras Cota Circulation type (not for loan) Tipo de documento Nota do exemplar Damaged status
  Biblioteca Escolar das Vendas Biblioteca Escolar das Vendas BEV742 8BD MAR   Livro Sem mensagem  
  Biblioteca Escolar das Vendas Biblioteca Escolar das Vendas BEV743 8BD MAR   Livro Sem mensagem  
  Biblioteca Escolar das Vendas Biblioteca Escolar das Vendas BEV744 8BD MAR   Livro Sem mensagem